Harry Potter Actors and Characters - Statistics

General Stats
  • This quiz has been taken 1,185 times
  • The average score is 19 of 44
Answer Stats
Hint Answer % Correct
Hermione Granger Emma Watson
99%
Harry Potter Daniel Radcliffe
95%
Ron Weasley Rupert Grint
94%
Severus Snape Alan Rickman
79%
Draco Malfoy Tom felton
79%
Minerva Mcgonagall Maggie Smith
76%
Cedric Diggory Robert Pattinson
69%
Sirius Black Gary Oldman
64%
Dumbledore (2) Michael Gambon
64%
Bellatrix Lestrange helena Bonham Carter
63%
Voldemort Ralph Fiennes
59%
Rubeus Hagrid Robbie Coltrane
59%
Dumbledore (1) Richard Harris
58%
Ginny Weasley Bonnie Wright
57%
Sybil Trelawney Emma Thompson
57%
George Weasley Oliver Phelps
53%
Fred Weasley James Phelps
49%
Neville Longbottom Matthew Lewis
49%
Luna Lovegood Evanna Lynch
48%
Filius Flitwick Warwick Davis
43%
Molly Weasley Julie Walters
41%
Lucius Malfoy Jason Isaacs
37%
Barty Crouch Jr. David Tennant
35%
Remus Lupin David Thewlis
35%
Gilderoy Lockhart Kenneth Branagh
34%
Cho Chang Katie Leung
31%
Dolorus Umbridge Imelda Staunton
30%
Alastor Moody Brendan Gleeson
28%
Horace Slughorn Jim Broadbent
28%
Vernon Dursley Richard Griffiths
26%
Peter Pettigrew Timothy Spall
26%
Argus Filch David Bradley
22%
Arthur Weasley Mark Williams
22%
Petunia Dursley Fiona Shaw
20%
Nymphadora Tonks Natalia Tena
18%
Dudley Dursley Harry Melling
16%
Xenophillius Lovegood Rhys Ifans
16%
Bill Weasley Domhnall Gleeson
15%
Lavender Brown Jessie Cave
15%
Oliver Wood Sean Biggerstaff
14%
Rita Skeeter Miranda Richardson
13%
Narcissa Malfoy Helen McCroy
10%
Percy Weasley Chris Rankin
9%
Marge Dursley Pam Ferris
9%
No matching quizzes found
Score Distribution
Percent of People with Each Score
Percentile by Number Answered
Your Score History
You have not taken this quiz